1794 1804 1512 1145 1809 1036 1079 1864 1681 1231 1704 1244 1789 1357 1849 1087 1265 1571 1243 1246 1958 1565 1214 1559 1249 1330 1065 1542 1869 1814 1870 1360 1793 1912 1648 1087 1441 1642 1080 1551 1991 1283 1454 1911 1724 1039 1627 1728 1330 1455 1798 1583 1194 1895 1425 1604 1326 1471 1712 1102 1107 1029 1542 1153 1397 1851 1150 1434 1659 1619 1775 1498 1110 1881 1352 1258 1125 1192 1045 1541 1954 1638 1826 1449 1401 1567 1291 1275 1035 1223 1139 1847 1770 1933 1385 1257 1866 1444 1967 BCNSPRNW ULIB Ver.6.0+V

เปลี่ยนเป็นภาษาไทย

Change to English
 แสดงรายละเอียดบรรณานุกรม
  กลับหน้าหลัก

Brief Record : Get Marc (ISO 2709) : E-mail record : QR code < ปิดหน้าต่าง
LEADER : 00000nam 2200000uu 4500
001    13399111844
003     ULIB
008    110627s2534||||th 000 0 tha d
060  4 WA305^bจ483ป 2534
100 0  จินตนา ยูนิพันธ์
245 00 ปัจจัยที่สัมพันธ์กับพฤติกรรมการดูแลตนเองด้านสุขภาพจิตของประชาชนไทยภาคกลาง/^cจินตนา ยูนิพันธ์
260    กรุงเทพฯ :^bแผนงานส่งเสริมการวิจัยพฤติกรรมสุขภาพ,^c2534
300    149 หน้า
650  7 ปัจจัยที่สัมพันธ์กับพฤติกรรมการดูแลตนเองด้านสุขภาพ
945    ^p0^l0^i008703
995    ทศพร
999 ^a ใช้งานได้ทุกระบบ
รายการนี้ยังไม่มีแท็ก
คุณยังไม่ได้ล็อกอิน คุณสามารถมีกิจกรรมร่วมกับเว็บไซต์ได้ แต่ต้องล็อกอินก่อน ::
  ล็อกอิน

รายการสื่อสารสนเทศ

ลำดับที่ ประเภท เลขเรียก/บาร์โค้ด สถานที่ สถานะ
- ไม่พบข้อมูล -

BibComment


ยังไม่เคยถูกคอมเมนท์

คอมเมนท์ทรัพยากรรายการนี้
  คอมเมนท์: ปัจจัยที่สัมพันธ์..


 Copyright 2026. Bcnsprnw @Library